Longs métrages d'animation par personnages #3 - Statistiques

Statistiques générales
  • Ce quiz a été pris 35 fois
    5 depuis la dernière actualisation
  • Le résultat moyen est 2 sur 20
Statistiques - réponses
Personnages Films % Correct
Billy, Le Chef de train, Le Père Noël Le Pôle Express
100%
Red, Chuck, Bomb Angry Birds
25%
Ted Wiggins, Le Gash-pilleur, Audrey Le Lorax
25%
Roz, Escobar, Joli-Bec Le Robot Sauvage
25%
Roi Jill, Yupa, Kushana Nausicaä de la Vallée du Vent
25%
Guy La Gagne, Chet, Tito Turbo
25%
Barry B. Benson, Vanessa, Maître Montgoméry Bee Movie : Drôle d'abeille
0%
Ginger, Rac, Rocky Chicken Run
0%
Tif, Oh, Smek En Route !
0%
Din Song, Dieu Pipa, Long Le Dragon-génie
0%
Hogarth Hughes, Kent Mansley, Dean McCoppin Le Géant de fer
0%
Gene, Tope-là, Rebelle Le Monde secret des Emojis
0%
Mr. Loup, Diane Foxington, Professeur Marmelade Les Bad Guys
0%
Mack, Pam, Dax Migration
0%
Alibert, Zandra, Volcazar Ronal le barbare
0%
Agatha Gillman, Nerissa, Connor Ruby, l'ado Kraken
0%
Shōko Nishimiya, Shōya Ishida, Tomohiro Nagatsuka Silent Voice
0%
Ed, Edda, Magnus Super Grand Prix
0%
Sōta Munakata, Tamaki Iwato, Tsubame Iwato Suzume
0%
Lucille, Francoeur, Raoul Un monstre à Paris
0%
Aucun quiz correspondant
Distribution des résultats
% des personnes avec chaque résultat
Percentile par nombre de réponses
Votre historique - résultats
Vous n’avez pas pris ce quiz depuis la dernière actualisation